000 00819nam a2200241 a 4500
001 000023400
005 20200930022207.0
008 101206s1971 ag 000 0 spa d
040 _aDO-SdBNP
_bspa
_cBNPHU
041 1 7 _aspa
_heng
_2Código de idiomas MARC
082 _ann*
_bnn*
100 1 _aWashington, Booker T.
_948212
240 1 0 _aUp from slavery.
_lEspañol
245 1 0 _aYo fui esclavo /
_cBooker T. Washington ; [introducción Lagston Hughes] ; traducción Manuel Barberá.
260 _aBuenos Aires :
_bCompañía General Fabril,
_c1971.
300 _a237 p. ;
_c20 cm.
534 _aTítulo de la obra en inglés :
_tUp from slavery
700 1 _aHughes, Lagston,
_eintrod.
_948213
700 1 _aBarberá, Manuel,
_etr.
_99940
830 0 _aTestimonios
_91293
940 1 _aTestimonios
049 _aBNGR
999 _c22897
_d22897